003530000a2200121000450024500810000065000100008165000130009165000190010465300330012304100130015610000200016977300420018910aNachtrag und berichtigung zu: senkrecht-ovale pupillen in dieser zeitschrift14aFauna14aReptiles14aHerpetología gPhelsumaePhelsuma guentheri0 aAlemán1 aMertens, Robert1 tSalamandra388h3-4q187-187d1972g8